Представление документа в формате RUSMARC

ПолеНазваниеЗначение
  Тип записи a
  Библиографический уровень a
001 Контрольный номер RU/CBS_UL/BASE/930632ed934d43e9a9b3c908388b3b97
005 Дата корректировки 20231203165355.3
100 Данные общей обработки __
a Данные общей обработки 20231203 ||| 0rusy0189 ca
101 Язык документа 0_
a Язык текста rus
102 Страна публикации __
a Страна публикации RU
200 Заглавие и сведения об ответственности 1_
a Заглавие Вихрь-атаман
e Сведения, относящиеся к заглавию [донской атаман и полководец Матвей Платов]
f Первые сведения об ответственности А. Замостьянов
300 Общие примечания __
a Общие примечания 16+
461 Уровень набора _0
1 2000
a Наша история
463 Уровень физической единицы _0
1 2000
a № 11
v С. 12-13 : ил
1 2101
d 2023
1 001RU/CBS_UL/BASE/317a7fa62e424e6282d7d85d4c3264b5
600 Персоналии _1
a Персоналии (Фамилия) Платов
b Персоналии (Имя, инициалы) М. И.
606 Тематические рубрики 0_
a Основная рубрика Платов, Матвей Иванович (1751-1818)
610 Ключевые слова 0_
a Ключевые слова атаманы
610 Ключевые слова 0_
a Ключевые слова донские казаки
610 Ключевые слова 0_
a Ключевые слова казаки донские
610 Ключевые слова 0_
a Ключевые слова полководцы
610 Ключевые слова 0_
a Ключевые слова герои Отечественной войны 1812 года
686 Индексы других классификаций __
2 Код системы rubbk
a Классификационный индекс 63.3(2)521
700 Автор _1
a Фамилия Замостьянов
b Имя (инициалы) А.
801 Источник записи _0
a Страна RU
b Организация МБУК ЦБС г. Ульяновска
c Дата составления 20231203
g Правила каталогизации RCR
801 Источник записи _1
a Страна RU
b Организация МБУК ЦБС г. Ульяновска
c Дата составления 20231203
g Правила каталогизации RCR
901 Тип документа __
t Тип документа b
w Контрольный № источника RU/CBS_UL/BASE/317a7fa62e424e6282d7d85d4c3264b5